Statystyki dla Madonna - wszystkie piosenki

Kliknij tutaj aby rozwiązać quiz!

Ogólne statystyki

  • Ten quiz został rozwiązany 78 razy
    (14 od ostatniego zresetowania)
  • Średni wynik to 97 z 231

Statystyki odpowiedzi

Tytuł% Poprawnych
La Isla Bonita
100%
Like A Virgin
100%
Hung Up
80%
Like A Prayer
80%
Papa Don't Preach
80%
4 Minutes
60%
American Pie
60%
Bedtime Story
60%
Bitch I'm Madonna
60%
Celebration
60%
Erotica
60%
Music
60%
Ray Of Light
60%
Rebel Heart
60%
Something To Remember
60%
True Blue
60%
Who's That Girl
60%
Act Of Contrition
40%
Addicted
40%
Ain't No Big Deal
40%
Amazing
40%
American Life
40%
Angel
40%
Another Suitcase In Another Hall
40%
Auto-Tune Baby
40%
Back In Business
40%
Back That Up To The Beat
40%
Bad Girl
40%
Batuka
40%
B-Day Song
40%
Beat Goes On
40%
Beautiful Killer
40%
Beautiful Scars
40%
Beautiful Stranger
40%
Best Friend
40%
Best Night
40%
Bitch I'm Loca
40%
Body Shop
40%
Borderline
40%
Borrowed Time
40%
Broken
40%
Burning Up
40%
Bye Bye Baby
40%
Candy Perfume Girl
40%
Candy Shop
40%
Can't Stop
40%
Causing A Commotion
40%
Cherish
40%
Ciao Bella
40%
Come Alive
40%
Crave
40%
Crazy
40%
Crazy For You
40%
Cry Baby
40%
Cyber-Raga
40%
Dance 2night
40%
Dark Ballet
40%
Dear Jessie
40%
Deeper And Deeper
40%
Devil Pray
40%
Devil Wouldn't Recognize You
40%
Did You Do It?
40%
Die Another Day
40%
Don't Cry For Me Argentina
40%
Don't Stop
40%
Don't Tell Me
40%
Dress You Up
40%
Drowned World / Substitute For Love
40%
Easy Ride
40%
Everybody
40%
Express Yourself
40%
Extreme Occident
40%
Falling Free
40%
Faz Gostoso
40%
Fever
40%
Fighting Spirit
40%
Forbidden Love
40%
Frozen
40%
Funana
40%
Future
40%
Future Lovers
40%
Gambler
40%
Gang Bang
40%
Get Together
40%
Ghosttown
40%
Girl Gone Wild
40%
Give It 2 Me
40%
Give Me All Your Luvin'
40%
God Control
40%
Gone
40%
Graffiti Heart
40%
Hanky Panky
40%
Has To Be
40%
Heartbeat
40%
HeartBreakCity
40%
He's A Man
40%
Hey You
40%
History
40%
Hold Tight
40%
Holiday
40%
Hollywood
40%
Holy Water
40%
How High
40%
Human Nature
40%
Iconic
40%
I Deserve It
40%
I Don't Give A
40%
I Don't Search I Find
40%
I'd Rather Be Your Lover
40%
I Fucked Up
40%
I Know It
40%
I'll Remember
40%
Illuminati
40%
I Love New York
40%
I'm Addicted
40%
I'm A Sinner
40%
I'm Going Bananas
40%
Impressive Instant
40%
I'm So Stupid
40%
Incredible
40%
Inside Of Me
40%
Inside Out
40%
Intervention
40%
In This Life
40%
Into The Groove
40%
I Rise
40%
Isaac
40%
It's So Cool
40%
I Want You
40%
Jimmy Jimmy
40%
Joan Of Arc
40%
Jump
40%
Justify My Love
40%
Keep It Together
40%
Killers Who Are Partying
40%
Lament
40%
Let Down Your Guard
40%
Let It Will Be
40%
Like It Or Not
40%
Little Star
40%
Live To Tell
40%
Living For Love
40%
Looking For Mercy
40%
Love Don't Live Here Anymore
40%
Love Makes The World Go Round
40%
Love Profusion
40%
Love Song
40%
Love Spent
40%
Love Tried To Welcome Me
40%
Lucky Star
40%
Masterpiece
40%
Material Girl
40%
Me Against The Music
40%
Medellín
40%
Mer Girl
40%
Messiah
40%
Miles Away
40%
More
40%
Mother And Father
40%
Nobody Knows Me
40%
Nobody's Perfect
40%
Nothing Fails
40%
Nothing Really Matters
40%
Now I'm Following You (Part I)
40%
Now I'm Following You (Part II)
40%
Oh Father
40%
One More Chance
40%
Open Your Heart
40%
Over And Over
40%
Paradise (Not For Me)
40%
Physical Attraction
40%
Pray For Spanish Eyes
40%
Pretender
40%
Promise To Try
40%
Push
40%
Rain
40%
Rescue Me
40%
Revolver
40%
Ring My Bell
40%
Runaway Lover
40%
Sanctuary
40%
Santa Baby
40%
Secret
40%
Secret Garden
40%
S.E.X.
40%
Shanti / Ashtangi
40%
She's Not Me
40%
Shoo-Bee-Doo
40%
Skin
40%
Sky Fits Heaven
40%
Some Girls
40%
Sooner Or Later
40%
Sorry
40%
Spanish Lesson
40%
Spotlight
40%
Stay
40%
Supernatural
40%
Super Pop
40%
Superstar
40%
Survival
40%
Swim
40%
Take A Bow
40%
The Beast Within
40%
The Look Of Love
40%
The Power Of Good-Bye
40%
Thief Of Hearts
40%
Think Of Me
40%
This Used To Be My Playground
40%
Till Death Do Us Part
40%
Time Stood Still
40%
To Have And Not To Hold
40%
Turn Up The Radio
40%
Unapologetic Bitch
40%
Up Down Suite
40%
Veni Vidi Vici
40%
Vogue
40%
Voices
40%
Waiting
40%
Wash All Over Me
40%
What Can You Lose
40%
What It Feels Like For A Girl
40%
Where Life Begins
40%
Where's The Party
40%
White Heat
40%
Why's It So Hard
40%
Words
40%
X-Static Process
40%
You'll See
40%
You Must Love Me
40%
Your Honesty
40%

Rozkład punktacji

Percentyl według liczby udzielonych odpowiedzi

Procent ludzi z każdym wynikiem

Twoja historia wyników

Nie rozwiązałeś tego quizu od ostatniego zresetowania